Campo de poder, campo intelectual: itinerario de un concepto
Wedi'i Gadw mewn:
| Prif Awdur: | |
|---|---|
| Fformat: | Llyfr |
| Iaith: | Sbaeneg |
| Cyhoeddwyd: |
Buenos Aires, Argentina
Quadrata
2003
|
| Cyfres: | Colección Estroboscopia
|
| Pynciau: | |
| Tagiau: |
Ychwanegu Tag
Dim Tagiau, Byddwch y cyntaf i dagio'r cofnod hwn!
|
MARC
| LEADER | 00000cam a2200000 a 4500 | ||
|---|---|---|---|
| 001 | UCD6340 | ||
| 003 | CL-VaPUC | ||
| 005 | 20240124145843.0 | ||
| 008 | 161201e20030000ag |||||||||||||||||spa|d | ||
| 999 | |c 366695 |d 366693 | ||
| 020 | |a 9871139195 | ||
| 040 | |c Pontificia Universidad Católica de Valparaíso | ||
| 082 | 0 | 4 | |a 305 BOU 2003 |2 21 |
| 100 | 0 | |a Bourdieu, Pierre |9 308635 | |
| 245 | 1 | 0 | |a Campo de poder, campo intelectual: itinerario de un concepto |
| 260 | 0 | 3 | |a Buenos Aires, Argentina |b Quadrata |c 2003 |
| 300 | |a 126 páginas | ||
| 490 | 0 | |a Colección Estroboscopia | |
| 583 | |a last modification |c 20161201 17:35:00 |k Rodrigo Vera | ||
| 650 | 0 | |a Antropología social |9 306264 | |
| 650 | 0 | |a Grupos sociales |9 268887 | |
| 650 | 7 | |a FILOSOFIA POLITICA |2 CL-VaPUC |9 590146 | |
| 942 | |c BK |2 ddc | ||
| 945 | |d 20161201 17:35:00 |a dcastane | ||
| 952 | |0 0 |1 0 |2 ddc |3 erb |4 0 |6 305_000000000000000_BOU_2003 |7 0 |8 A |9 481163 |a BIBHIS |b BIBHIS |i 5354293 |o 305 BOU 2003 |p 5354293 |r 2025-01-20 |t 1 |w 2019-11-24 |y BK |z Catalogado en:20161201 |k HIS | ||